| 000 | 00318nam a22001217a 4500 | ||
|---|---|---|---|
| 020 | _a0801831245 | ||
| 050 |
_aHD 9000.4 _b.T64 C.1 |
||
| 100 | _aJohns Hopkins Unive | ||
| 245 | _aAgricultural price policies and the developing countries | ||
| 260 |
_aBaltimore _b rsity Press _c1982 |
||
| 300 | _axii,242p. | ||
| 942 | _cGEN | ||
| 999 |
_c3547 _d3547 |
||